| 000 | 01715nam a22002777a 4500 | ||
|---|---|---|---|
| 999 |
_c56893 _d56893 |
||
| 003 | Ge_BSU | ||
| 005 | 20190610205711.0 | ||
| 008 | 190610b2019 ||||| |||| 00| 0 geo d | ||
| 020 | _a9789941473982 | ||
| 041 | _ageo | ||
| 080 | _a94(479.22) გ-60 | ||
| 100 |
_aგოგიტიძე,მამუკა. _92378 |
||
| 245 |
_a,,დამოუკიდებელი საქართველოს გენერალიტეტი" (1918-2018) / _cმამუკა გოგიტიძე ; მამია გოგოლაძე ; გიორგი ბეჟიტაშვილი ; სარედ.კოლ: მიხეილ, ბახტაძე ; თენგიზ შუბლაძე და სხვ.. |
||
| 264 |
_aთბილისი : _bმწიგნობარი, _c2019. |
||
| 300 |
_a232 გვ.: _c24 სმ. |
||
| 504 | _aბიბლიოფრაფ : გვ.228-229. | ||
| 520 | _aრეზიუმე : ქართულ და ინგლისურ ენაზე. | ||
| 653 | _aსაქართველოს დამოუკიდებლობის აღგენა | ||
| 653 | _aისტორია | ||
| 700 |
_aგოგოლაძე, მამია _92379 |
||
| 700 |
_aბეჟიტაშვილი, გიორგი _92380 |
||
| 700 |
_aბახტაძე, მიხეილ _eსარედაქციო კოლეგია _92381 |
||
| 700 |
_aშუბლაძე, თნგიზ _eსარედაქციო კოლეგია _92382 |
||
| 710 |
_aსაქართველოს სამხედრო ისტორიის საზოგადოება _92383 |
||
| 942 |
_2udc _cBK |
||